Word Ladder: US #1 Hits Quiz Stats

 Plays Quiz Updated Jan 31, 2019

Score 0/105 Timer 10:00
1 Play Today
Clue 4-Letter Word % Correct
365 daysYEAR
92.2%
Seal a door with a keyLOCK
91.1%
___ Ness monsterLOCH
89.7%
Fail to winLOSE
87.6%
Not realFAKE
86.8%
12 inchesFOOT
86.8%
Tree fruitPEAR
84.5%
Use one's earsHEAR
84.3%
To kill a dragonSLAY
83%
Fireplace residueSOOT
82.9%
Mountain topPEAK
82.8%
Baloo or Smokey, e.g.BEAR
82.8%
An object in a play or moviePROP
82.6%
An indicator of karate skill levelBELT
82.1%
A group of cattleHERD
81.8%
Bang a drumBEAT
81.8%
Don clothesWEAR
81%
Golfer's warningFORE
80.8%
Get ready forPREP
80.8%
DweebNERD
80.3%
One of many in a hotelROOM
80%
Sound a chick makesPEEP
79.6%
Tahoe or Lucerne, e.g.LAKE
79.6%
The behindREAR
79.1%
A pileHEAP
78.9%
A permanent army postFORT
78.8%
★ 1965 Hit by the Beatles ★ HELP!
78.4%
A tree anchorerROOT
77.6%
Farm buildingBARN
77.4%
WanderROAM
77.2%
Fiddling Roman emperorNERO
77.2%
GraspedHELD
77.1%
Scorch with intense heatSEAR
77%
World domination board gameRISK
76.6%
Document to fill outFORM
76.5%
Clue 4-Letter Word % Correct
★ 2013 Hit by Katy Perry ★ ROAR
76.5%
Be in need ofLACK
75.4%
Skin openingPORE
74.1%
Actor Lancaster or ReynoldsBURT
73.9%
★ 1993 Hit by Mariah Carey ★ HERO
73.8%
Wood strip for mattress supportSLAT
73.6%
Barely cooked, as meatRARE
73.5%
Give a caution toWARN
73%
Emit coherent lightLASE
72.8%
A company of lawyersFIRM
72.6%
★ 2004 Hit by Usher ★ YEAH
72.5%
★ 2004 Hit by Usher ★ BURN
72.4%
Earl or Duke, e.g.PEER
72.3%
Mates of lassesLADS
72.3%
Hole in a one-armed banditSLOT
72.3%
Was on a galloping horseRODE
71.3%
★ 1992 Hit by SWV ★ WEAK
71%
Ali ___BABA
69.8%
Tap a baseball without swingingBUNT
69.8%
Wife of ZeusHERA
69.6%
Spacer between vertebraeDISK
68.8%
Animated cartoon about a dogBOLT
68.2%
RippedTORN
68.2%
Polish leader WalesaLECH
68%
★ 1986 Hit by Prince ★ KISS
67.8%
★ 1975 Hit by Ohio Players ★ FIRE
67%
Mend a sockDARN
66.6%
CoversLIDS
66.6%
'The ___ in the Hall'KIDS
66.4%
★ 1960 Hit by Maurice Williams ★
★ 1994 Hit by Lisa Loeb ★
STAY
66.3%
Of frilly fancy materialLACY
66.1%
Where the genie livesLAMP
65.9%
ThreadbareWORN
65.6%
Insult or treat with comtemptDISS
65.5%
★ 1980 Hit by Kenny Rogers ★ LADY
65.1%
Clue 4-Letter Word % Correct
Proxima Centauri or Spica, e.g.STAR
64.3%
Fett from 'Star Wars'BOBA
63.6%
★ 1975 Hit by David Bowie ★ FAME
62.8%
Result of hitting your headLUMP
61.4%
American Beauty, e.g.ROSE
61.3%
Expression of disgustYECH
60.2%
★ 1979 Hit by Herb Alpert ★ RISE
59.9%
Singers with Tony OrlandoDAWN
58.1%
★ 1984 Hit by Van Halen ★
★ 1992 Hit by Kris Kross ★
JUMP
55.4%
'Let's do the time ___ again'WARP
55.3%
Cord with weights thrown as a weaponBOLA
52.6%
Peter of the MonkeesTORK
52.2%
A large plastic protective coverTARP
51.9%
Demoralize or defeat disastrouslyROUT
51.8%
Hamlet or village relativeTOWN
51.7%
★ 2009 Hit by Jay Sean ★ DOWN
50.5%
Smoke or vaporFUME
50.1%
It comes after thirdHOME
49.9%
Pack down with repeated blowsTAMP
49.6%
★ 2016 Hit by Rihanna ★ WORK
49.2%
★ 2014 Hit by Magic! ★ RUDE
48.1%
A fleshy fruit, like an applePOME
47.6%
★ 1979 Hit by Styx ★ BABE
47.2%
A sexually driven manROUE
46.4%
Broccoli ___RABE
45.1%
Scottish philosopher DavidHUME
44.3%
A yokelRUBE
41.7%
★ 2000 Hit by Matchbox Twenty ★ BENT
40.1%
Too many, in FrenchTROP
39.1%
___ avis (an uncommon thing)RARA
38.9%
Nota ___ (literally mark well)BENE
37.8%
Blood fluidsSERA
36.3%
A curse or source of harmBANE
36.1%
★ 1986 Hit by Starship ★ SARA
35.6%
★ 1974 Hit by MFSB
(Mother, Father, Sister, Brother) ★
TSOP
15.7%

Today's Daily Dose

You're not logged in!

Compare scores with friends on all Sporcle quizzes.
OR
Log In

You Might Also Like...

Show Comments

Extras

Top Quizzes Today


Score Distribution

Your Account Isn't Verified!

In order to create a playlist on Sporcle, you need to verify the email address you used during registration. Go to your Sporcle Settings to finish the process.

Report this User

Report this user for behavior that violates our Community Guidelines.

Details: